000 00976cas a22002415 4500
001 L152478
008 111109c2011 xxuqr ws s 0 a0eng u
035 _a(Sirsi) u152478
041 0 _aeng
050 _a333.33 $2 18
110 2 _aJones Lang LaSalle
_93755
245 0 0 _aUnited States Retail Highlights
_h[electronic resource]
260 _a[S.l.]
_bJones Lang LaSalle
_c2011-
362 0 _aCurrent issue only
490 0 _aJones Lang LaSalle United States Retail Highlights
_vQ2 2011-
520 _aCovers US retail property sales, national retail property trends and retailer news.
554 _aFour per year
650 2 4 _aJONES LANG LASALLE UNITED STATES RETAIL HIGHLIGHTS
651 4 _aUnited States
_y1959-
690 _aPROPERTY-COMMERCIAL PROPERTY-COMMERCIAL PROPERTY MARKET
856 4 0 _uhttps://www.us.am.joneslanglasalle.com/UnitedStates/EN-US/Pages/ResearchFilter.aspx
_zView the report free of charge at www.us.am.joneslanglasalle.com
942 _n0
999 _c119314
_d119314